00251nam a2200097Ia 4500008004100000082001900041100000900060245004500069260003000114300000900144210430s9999 xx 000 0 und d a537.12 L8651 E aSCME aElectromagagnetic Fields and WavescSCME aIndiabPaul Lorrainc2003 a706p